PET/CT in Hepatobiliary and Pancreatic Malignancies

This book is a pocket guide to the role of PET/CT in malignancies of the hepatobiliary system and pancreas. Imaging findings characteristic of malignancies are described and illustrated, and attention drawn to normal variants and artifacts. In addition, information is presented on epidemiology, clin...

Πλήρης περιγραφή

Λεπτομέρειες βιβλιογραφικής εγγραφής
Συγγραφή απο Οργανισμό/Αρχή: SpringerLink (Online service)
Άλλοι συγγραφείς: Purandare, Nilendu (Επιμελητής έκδοσης, http://id.loc.gov/vocabulary/relators/edt), Shah, Sneha (Επιμελητής έκδοσης, http://id.loc.gov/vocabulary/relators/edt)
Μορφή: Ηλεκτρονική πηγή Ηλ. βιβλίο
Γλώσσα:English
Έκδοση: Cham : Springer International Publishing : Imprint: Springer, 2018.
Έκδοση:1st ed. 2018.
Σειρά:PET/CT,
Θέματα:
Διαθέσιμο Online:Full Text via HEAL-Link
LEADER 03423nam a2200481 4500
001 978-3-319-60507-4
003 DE-He213
005 20190619201557.0
007 cr nn 008mamaa
008 170828s2018 gw | s |||| 0|eng d
020 |a 9783319605074  |9 978-3-319-60507-4 
024 7 |a 10.1007/978-3-319-60507-4  |2 doi 
040 |d GrThAP 
050 4 |a R895-920 
072 7 |a MMN  |2 bicssc 
072 7 |a MED080000  |2 bisacsh 
072 7 |a MKR  |2 thema 
082 0 4 |a 616.07548  |2 23 
245 1 0 |a PET/CT in Hepatobiliary and Pancreatic Malignancies  |h [electronic resource] /  |c edited by Nilendu Purandare, Sneha Shah. 
250 |a 1st ed. 2018. 
264 1 |a Cham :  |b Springer International Publishing :  |b Imprint: Springer,  |c 2018. 
300 |a XV, 88 p. 43 illus., 42 illus. in color.  |b online resource. 
336 |a text  |b txt  |2 rdacontent 
337 |a computer  |b c  |2 rdamedia 
338 |a online resource  |b cr  |2 rdacarrier 
347 |a text file  |b PDF  |2 rda 
490 1 |a PET/CT,  |x 2367-2439  
505 0 |a Hepatobiliary and Pancreatic Malignancies: Epidemiology, Clinical Presentation, Diagnosis, Staging -- Pathology of Hepatobiliary and Pancreatic Cancer -- Management of Hepatobiliary and Pancreatic Malignancies -- Radiological Imaging in Hepatobiliary and Pancreatic Malignancies -- 18F-FDG PET/CT: Normal Variants, Artifacts and Pitfalls in Hepatobiliary and Pancreatic Malignancies -- PET/CT in Hepatic Malignancies -- PET/CT in Pancreatic Malignancies -- PET/CT in Gall Bladder and Biliary Tract Malignancies. . 
520 |a This book is a pocket guide to the role of PET/CT in malignancies of the hepatobiliary system and pancreas. Imaging findings characteristic of malignancies are described and illustrated, and attention drawn to normal variants and artifacts. In addition, information is presented on epidemiology, clinical presentation, pathology, staging, and management in order to provide the clinical insight required by the imaging specialist. The book will be of immense value to practicing nuclear physicians as well as hybrid imaging specialists, particularly during reading sessions and multidisciplinary team meetings. It will also serve as a quick reference for residents and fellows in the PET/CT department. The book is published within the series Clinicians' Guides to Radionuclide Hybrid Imaging, which is compiled under the auspices of the British Nuclear Medicine Society. The series is the joint work of professionals worldwide who share a common vision in promoting nuclear medicine as an important imaging specialty for the diagnosis and management of oncological and non-oncological conditions. 
650 0 |a Nuclear medicine. 
650 0 |a Oncology  . 
650 1 4 |a Nuclear Medicine.  |0 http://scigraph.springernature.com/things/product-market-codes/H29048 
650 2 4 |a Oncology.  |0 http://scigraph.springernature.com/things/product-market-codes/H33160 
700 1 |a Purandare, Nilendu.  |e editor.  |4 edt  |4 http://id.loc.gov/vocabulary/relators/edt 
700 1 |a Shah, Sneha.  |e editor.  |4 edt  |4 http://id.loc.gov/vocabulary/relators/edt 
710 2 |a SpringerLink (Online service) 
773 0 |t Springer eBooks 
776 0 8 |i Printed edition:  |z 9783319605067 
776 0 8 |i Printed edition:  |z 9783319605081 
830 0 |a PET/CT,  |x 2367-2439  
856 4 0 |u https://doi.org/10.1007/978-3-319-60507-4  |z Full Text via HEAL-Link 
912 |a ZDB-2-SME 
950 |a Medicine (Springer-11650)